Music Quiz

Random Music or Song Quiz

Songs by Literal Picture Quiz Stats

Quiz Updated Dec 20, 2015

Also try: Misheard Lyrics
Challenge
Share
Tweet
Score 0/16 Timer 04:00
2 Plays Today
% Correct
Piano Man - Billy Joel
97.4%
Crocodile Rock - Elton John
91.8%
Monster Mash - Bobby Pickett
88.8%
California Dreamin' - Barry McGuire
83.8%
Blue Suede Shoes - Carl Perkins
78.9%
Paint it Black - The Rolling Stones
72.7%
Smoke on the Water - Deep Purple
71.9%
Lady Marmalade - Labelle
71.9%
% Correct
Sweet Home Alabama - Lynyrd Skynyrd
67.6%
I Shot the Sheriff - Bob Marley
59.5%
Push It - Salt-n-Pepa
57.1%
Penny Lane - The Beatles
56.9%
Enter Sandman - Metallica
51.1%
Black Hole Sun - Soundgarden
47.8%
Landslide - Fleetwood Mac
23%
Freeway of Love - Aretha Franklin
15.3%

You're not logged in!

Compare scores with friends on all Sporcle quizzes.
Join for Free
OR
Log In

You Might Also Like...

Show Comments

Extras

Top Quizzes Today


Score Distribution

Your Account Isn't Verified!

In order to create a playlist on Sporcle, you need to verify the email address you used during registration. Go to your Sporcle Settings to finish the process.

Report this User

Report this user for behavior that violates our Community Guidelines.

Details: